| 000 | 01193nam a22002897a 4500 | ||
|---|---|---|---|
| 003 | OSt | ||
| 005 | 20221202131914.0 | ||
| 007 | cr ||||||a|c|a | ||
| 008 | 221202b2021 mx ||||fom||| 001 0 spa d | ||
| 040 | _erda | ||
| 100 | 1 |
_9132387 _aGutiérrez Hernández, Maricruz |
|
| 245 | 1 |
_aAspectos económicos de la producción de algodón en México / _cpor Maricruz Gutiérrez Hernández; director de tesis Dixia Dania Vega Valdivia |
|
| 264 |
_aChapingo, México : _bEl autor, _c2021. |
||
| 300 | _a1 recurso en línea (128 páginas). | ||
| 336 |
_2rdacontent _atexto _btxt |
||
| 337 |
_2rdamedia _acomputadora _bc |
||
| 338 |
_2rdacarrier _arecurso en línea _bcr |
||
| 502 |
_bDCEA _cDICEA _d2021. _gDOC |
||
| 504 | _aIncluye referencias bibliográficas: páginas 107-111, 124-125 | ||
| 650 | 0 |
_9155807 _aAlgodón _xCultivo _xInvestigación |
|
| 650 | 7 |
_94035 _aAlgodón _xMejoramiento |
|
| 650 | 7 |
_94036 _aAlgodón _xMercadeo |
|
| 650 | 7 |
_93984 _aAlgodón _xCalidad |
|
| 700 | 0 |
_9118306 _aVega Valdivia, Dixia Dania _eDirector de tesis |
|
| 856 |
_uhttp://10.13.5.2/tesis/td/2021_EA_Gutierrez_Hernandez_Maricruz.pdf _zDESCARGAR PDF |
||
| 942 |
_2Clasificación Universidad Autónoma Chapingo _cTD |
||
| 999 |
_c217922 _d217922 |
||